| 000 | 01162nam a2200301 i 4500 | ||
|---|---|---|---|
| 003 | EG-ScBUE | ||
| 005 | 20231112120610.0 | ||
| 008 | 120419s1993 ua f 000 0 aara d | ||
| 017 | _a93 / 9368 | ||
| 020 | _a9772081164 | ||
| 040 |
_aEG-ScBUE _bara _erda _cEG-ScBUE _dEG-ScBUE |
||
| 043 | _af-ua--- | ||
| 082 | 0 | 4 |
_a910.92 _bح م د _222 |
| 100 | 1 |
_916270 _aحمدان، عبد الحميد صالح، _eمؤلف. |
|
| 245 | 1 | 0 |
_aصاحب شخصية مصر : _bجمال حمدان وملامح من عبقرية الزمان / _cبقلم الدكتور عبد الحميد صالح حمدان. |
| 264 | 1 |
_aالقاهرة : _bمكتبة مدبولي، _c[1993] |
|
| 300 |
_a144 صفحة ؛ _c18 سم |
||
| 336 |
_2rdacontent _aنص _btxt |
||
| 337 |
_aبدون وسيط _2rdamedia _bn |
||
| 338 |
_aمجلد _bnc _2rdacarrier |
||
| 541 |
_aDr. Bassem ; _cDonation ; |
||
| 600 | 1 | 7 |
_2BUEsh _aحمدان، جمال، _d1928-1993. |
| 650 | 7 |
_929667 _aالجغرافيون المصريون _vتراجم. _2BUEsh |
|
| 653 | _cApril2012 | ||
| 655 | _vReading book | ||
| 700 | 1 | 2 |
_aحمدان، جمال، _d1928-1993. _tشخصية مصر. |
| 942 |
_2ddc _cBB |
||
| 999 |
_c16668 _d16668 |
||